Social work and money (Record no. 1296119)

MARC details
000 -LEADER
fixed length control field 00498nam a2200181Ia 4500
005 - DATE AND TIME OF LATEST TRANSACTION
control field 20250326142654.0
008 - FIXED-LENGTH DATA ELEMENTS--GENERAL INFORMATION
fixed length control field 250326s9999 xx 000 0 und d
037 ## - SOURCE OF ACQUISITION
Stock number Textbook
040 ## - CATALOGING SOURCE
Original cataloging agency FMSL
Language of cataloging eng
Transcribing agency FMSL
041 ## - LANGUAGE CODE
Language code of text/sound track or separate title eng
Source of code eng
084 ## - COLON CLASSIFICATION NUMBER
Classification number YoaX61 L9
Assigning agency FMSL
100 ## - MAIN ENTRY--PERSONAL NAME
Personal name Hill M
9 (RLIN) 695482
245 #0 - TITLE STATEMENT
Title Social work and money
Statement of responsibility, etc. Hill M; Laing P
260 ## - PUBLICATION, DISTRIBUTION, ETC.
Place of publication, distribution, etc. London
Name of publisher, distributor, etc. London, George Allen & Unwin
Date of publication, distribution, etc. 1979
300 ## - PHYSICAL DESCRIPTION
Extent 120p
942 ## - ADDED ENTRY ELEMENTS (KOHA)
Koha item type Textbook
Classification part YoaX61 L9
Holdings
Withdrawn status Lost status Damaged status Not for loan Home library Current library Date acquired Total Checkouts Full call number Barcode Date last seen Price effective from Koha item type
        Faculty of Management Library Faculty of Management Library 2025-03-26   YoaX61 L9 ML0828132 2025-03-26 2025-03-26 Textbook
Copyright @ Delhi University Library System